000 00378nam a2200145Ia 4500
008 230917s9999||||xx |||||||||||||| ||und||
040 _e15960
_aMAIN
041 _aEnglish
082 _a338.521 F914M
100 _aFriEdman, Lee S
245 0 _aMicro economics policy analysis
260 _aNew York
_bMcGraw-Hill
_c1984
300 _aEconomics handbook series p.
942 _cBK
999 _c46430
_d46430